| 000 | 00899nam a2200205Ia 4500 | ||
|---|---|---|---|
| 003 | Ost | ||
| 005 | 20260507075638.0 | ||
| 008 | 260507s9999||||xx |||||||||||||| ||und|| | ||
| 040 | _cfsecg | ||
| 041 | _aara | ||
| 082 | _a351.0961 | ||
| 100 |
_aصبيح، ميسوم _eمؤلف |
||
| 245 | 0 |
_aالمؤسسات الإدارية في المغرب العربي : _bحكومات الجزائر والمغرب وتونس / _c ميسوم صبيح |
|
| 260 |
_aعمان: _bالمنظمة العربية للعلوم الإدارية, _c1985 |
||
| 300 |
_a263 صفحة؛ _bإيضاحات ؛ _c24 سم |
||
| 520 | _aالإدارة المركزية- وحدات الحكم المحلي( الجماعات المحلية)- الوظيفة العمومية | ||
| 653 | _aالإدارة- المغرب العربي | ||
| 700 |
_aعبد العزيز، أمين سعيد _eمؤلف ثانوي |
||
| 942 | _cكتاب | ||
| 999 |
_c45332 _d45332 |
||